000 00666nam a22002417a 4500
003 DO-SdBNP
005 20220429111428.0
008 220321b2009 cl ||| |||| 00| 0 spa d
020 _a9789584221384
020 _a9789584221384
040 _aBPMSU
_bspa
_cBPMSU
082 _aU863.6
_bV677c 2009
_222
100 _aVigil, Mercedes
_d1957-
245 1 0 _aCuando sopla el hamsin /
_cMercedes Vigil
260 _aBogotá ;
_bPlaneta,
_c2009
300 _a243 p;
_c22 cm
590 _6Inventariado, 2022/VM
650 4 _aNovela uruguaya.
650 4 _aMedicina mágica
_vNovela.
650 4 _aNovela histórica
910 _aYGarcía /VMateo V.
942 _2ddc
_cBK
999 _c14096
_d14096